000
00281nam a2200121Ia 4500
008
190216s9999||||xx |||||||||||||| ||und||
100
_a
Kapur S K
245
0
_a
Elements Of Practical Statistics
260
_b
S Chand & Co
_c
1971
300
_a
441p
650
_a
Commerce
942
_c
BK
999
_c
4718
_d
4718